| 000 | 00352cam a22001217a 4500 | ||
|---|---|---|---|
| 008 | 180718b1944 xxu||||| |||| 00| 0 eng d | ||
| 082 | _aT16x42 T623 | ||
| 100 | _aTopham, E. and Hough, J.A. | ||
| 245 |
_aThe cooperative movement in Britain _cE.Topham and J.A. Hough |
||
| 260 |
_aLondon _bLongmans, Green _c1944 |
||
| 300 | _a52p. | ||
| 650 | _aCooperation | ||
| 999 |
_c441321 _d441321 |
||